|
|
|
|
| LEADER |
00000cam a2200000 7i4500 |
| 001 |
0000008651 |
| 002 |
000009427 |
| 005 |
20000330.0 |
| 020 |
|
|
|a 0861631412
|
| 090 |
0 |
0 |
|a JF
|b MCA
|
| 100 |
1 |
|
|a McAllister, Hayden
|
| 245 |
1 |
0 |
|a Slumberland stories
|c Hayden McAllister
|
| 260 |
|
|
|a London :
|b Award Publications ,
|c 1984
|
| 300 |
|
|
|a p.v. :
|b ill. ;
|c 35cm.
|
| 650 |
0 |
0 |
|a Children's stories
|
| 999 |
|
|
|a 041368
|b BUKU
|c PINJAMAN
|e PERPUSTAKAAN KOMUNITI PETALING JAYA
|
| 999 |
|
|
|a 041369
|b BUKU
|c PINJAMAN
|e PERPUSTAKAAN KOMUNITI PETALING JAYA
|
| 999 |
|
|
|a 041370
|b BUKU
|c PINJAMAN
|e PERPUSTAKAAN KOMUNITI PETALING JAYA
|
| 999 |
|
|
|a 045341
|b BUKU
|c PINJAMAN
|e PERPUSTAKAAN KOMUNITI PETALING JAYA
|
| 999 |
|
|
|a 045342
|b BUKU
|c PINJAMAN
|e PERPUSTAKAAN KOMUNITI PETALING JAYA
|
| 999 |
|
|
|a 045343
|b BUKU
|c PINJAMAN
|e PERPUSTAKAAN KOMUNITI PETALING JAYA
|